Fundamentals of Data Structures in Turbo Pascal

Bibliographic Details
Main Author: Horwitz, Ellis
Other Authors: Sahni, Sartaj
Format: Book
Language:English
Published: Rockville, MD : Computer Science Press , 1989
Subjects:

MARC

LEADER 00000cam a2200000 7i4500
001 0000000181
005 20230523.0
008 991123 enk eng
020 |a 0716781522 (pbk) 
040 |a INS 
090 0 0 |a QA76.8.I2594   |b .H67 1989 
100 1 |a Horwitz, Ellis 
245 1 0 |a Fundamentals of Data Structures in Turbo Pascal   |c Ellis Horowitz and Sartaj Sahni 
260 |a Rockville, MD :   |b Computer Science Press ,   |c 1989 
300 |a x, 478 p. :   |b ill. ;   |c 24 cm. 
500 |a Includes index 
650 0 |a Pascal   |x Computer program 
650 0 |a Turbo Pascal   |x Computer program 
700 1 |a Sahni, Sartaj 
999 |a 0000004544   |b BOOK   |c Open Shelf   |e Default branch